| 000 | 00606nam a2200205 a 4500 | ||
|---|---|---|---|
| 005 | 20250807063851.0 | ||
| 008 | 010904s1999 ag r 000 0 spa d | ||
| 020 | _a9508082399 | ||
| 035 | _aUPN01000110925 | ||
| 049 | _aCG | ||
| 050 | 4 |
_aLB1139.35 P55 _bB3.5 |
|
| 100 | 1 | _aBaraldi, Clemencia | |
| 245 | 1 | 0 |
_aJugar es cosa seria : _bestimulación temprana-- antes de que sea tarde / _cClemencia Baraldi. |
| 260 |
_aRosario, Arg. : _bHomo Sapiens, _cc1999. |
||
| 300 |
_a136 p. : _bil. |
||
| 440 | 0 | _aPsicoanálisis | |
| 650 | 2 |
_aEstimulación temprana _97970 |
|
| 650 | 4 |
_aJuego _913796 |
|
| 905 | _aLibro | ||
| 999 |
_c84834 _d84834 |
||